Basic: by Microsoft (Record no. 10990)

MARC details
000 -LEADER
fixed length control field 00360nam a2200133Ia 4500
082 ## - DEWEY DECIMAL CLASSIFICATION NUMBER
Classification number 004.07 BAS;
245 #0 - TITLE STATEMENT
Title Basic: by Microsoft
260 ## - PUBLICATION, DISTRIBUTION, ETC. (IMPRINT)
Place of publication s.l.
Name of publisher s.n.
Year of publication 0
300 ## - PHYSICAL DESCRIPTION
Number of Pages xiii, v.p.
500 ## - GENERAL NOTE
General note Personal computer hardware reference library
650 ## - SUBJECT ADDED ENTRY--TOPICAL TERM
Topical Term IBM Personal Computer - Programming
650 ## - SUBJECT ADDED ENTRY--TOPICAL TERM
Topical Term Computers - Study and teaching
942 ## - ADDED ENTRY ELEMENTS (KOHA)
Koha item type Books
Source of classification or shelving scheme Dewey Decimal Classification
Holdings
Withdrawn status Lost status Damaged status Not for loan Home library Current library Date acquired Bill Date Full call number Accession Number Price effective from Koha item type
        NASSDOC Library NASSDOC Library 08/06/2004 2008-12-30 004.07 BAS; 35958 18/04/2019 Books